Sports Quiz

Random Sports or Soccer Quiz

Top 20 Soccer Players with most International Games Quiz Stats

 Plays Quiz not verified by Sporcle

Challenge
Share
Tweet
Embed
Score 0/20 Timer 07:00
0 Plays Today
Country Name % Correct
GermanyLothar Matthäus
62.5%
FinlandJari Litmanen
60%
BrazilCafu
53.8%
FranceLilian Thuram
53.8%
IranAli Daei
40%
EgyptAhmed Hassan
36.3%
EgyptHossam Hassan
35%
ArgentinaJavier Zanetti
31.3%
USACobi Jones
28.8%
SwedenThomas Ravelli
28.8%
Country Name % Correct
MexicoClaudio Suárez
17.5%
EcuadorIván Hurtado
10%
MexicoPável Pardo
6.3%
LatviaVitālijs Astafjevs
5%
EstoniaMartin Reim
5%
EstoniaMarko Kristal
5%
UAEAdnan at-Talyani
2.5%
Saudi Arabia Mohammad ad-Daʿayyaʿ
1.3%
Saudi Arabia Sami al-Dschabir
1.3%
Saudi ArabiaMohammad Al-Khilaiwi
1.3%

You're not logged in!

Compare scores with friends on all Sporcle quizzes.
Join for Free
OR
Log In

You Might Also Like...

Show Comments

Extras

Top Quizzes Today


Score Distribution

Your Account Isn't Verified!

In order to create a playlist on Sporcle, you need to verify the email address you used during registration. Go to your Sporcle Settings to finish the process.

Report this User

Report this user for behavior that violates our Community Guidelines.

Details: